| 000 | 00808nam a2200229 a 4500 | ||
|---|---|---|---|
| 999 |
_c11498 _d11498 |
||
| 001 | 11498 | ||
| 003 | BD-JhCC | ||
| 005 | 20221107134024.0 | ||
| 008 | 190624b 2019bg a|||| ||a| 000 0 ben d | ||
| 020 | _a9789849268185 | ||
| 035 | _a(BD-JhCC)11498 | ||
| 040 |
_aBD-JhCC _dBD-JhCC |
||
| 041 | _aben | ||
| 082 |
_bPIS 2019 _a153.69 |
||
| 100 | _aপীস, এলান | ||
| 245 |
_aবডি ল্যাংগুয়েজ / _cএলান পীস, অনু: ফারজানা রহমান শিমু । |
||
| 260 |
_aঢাকা: _bচর্চা গ্রন্থ প্রকাশ; _c২০১৯. |
||
| 300 |
_a১৭৫ পৃ. : _bill; _c২২ সেমি. |
||
| 700 | _aশিমু, ফারজানা রহমান | ||
| 942 |
_2ddc _cBK _05 |
||